| 000 | 00390cam a2200145ua 4500 | ||
|---|---|---|---|
| 041 |
_aeng _h |
||
| 082 |
_a824 _bRUS/CO |
||
| 100 | _aRussel, Bertrand . | ||
| 245 |
_aConquest of happiness: Thirteenth Impression / _cBertrand Russell. _hTextual Documents |
||
| 260 |
_aLondon : _bGeorge Allen & Unwin Ltd , _c1960. |
||
| 300 | _a254 ; . | ||
| 504 | _a | ||
| 942 | _cBK | ||
| 999 |
_c3928 _d3928 |
||